00400nam a22001217a 4500008004100000040005500041080002000096100001500116245008700131260003200218300001600250500001200266240911b |||||||| |||| 00| 0 eng d aNational Science LibrarycNational Science Library a58(082.2)bJ5.2 aSirks, M J aZesde internationaal botanisch congresc/ Proceedings Amsterdam 2-7 September 1935 aLeiden: bE J Brill, c1935 axiii, 317p. aVol. II